000 00471nam a22001817a 4500
005 20251108172310.0
008 250721s1988 xx 000 0 ara d
082 1 4 _a793/عبا
100 1 _aلمع، عباس
245 1 0 _a100 لعبة وقت للتسلية /
250 _aط2
264 1 _aبيروت :
_bدار الرقي للنشر،
_c1988.
300 _a123ص
650 1 7 _aالألغاز
650 1 7 _aالتسلية
942 _2ddc
_cBK
999 _c75507
_d75507